| 000 | 00501na a2200205 4500 | ||
|---|---|---|---|
| 001 | 16445 | ||
| 003 | MIRAKIL | ||
| 005 | 20181213154910.0 | ||
| 008 | 161011b tu 000 0 | ||
| 040 |
_aMilas _btur _cTR-AnCHP |
||
| 041 | _atur | ||
| 082 |
_a322.1 _bE63l 1977 |
||
| 090 | _a322.1 E63l 1977 | ||
| 100 | _aErgin, Sabahattin | ||
| 245 |
_aLayiklik _cSabahattin Ergin |
||
| 260 |
_aİstanbul _b[yayl.y.] _c1977 |
||
| 300 |
_a69 s. _c16 sm. |
||
| 650 |
_aLaiklik _xTarih |
||
| 942 |
_2ddc _cBKS |
||
| 999 |
_c2829 _d2829 |
||